Statistics for Asian Countries with Brown Bears

Click here to take the quiz!

General Stats

  • This quiz has been taken 101 times
  • The average score is 13 of 16

Answer Stats

Bear country% Correct
China
99%
India
91%
Russia
90%
Japan
86%
Iran
81%
Kazakhstan
81%
Pakistan
80%
Armenia
78%
Azerbaijan
78%
Iraq
78%
Uzbekistan
77%
Georgia
76%
Kyrgyzstan
76%
Afghanistan
74%
Turkey
74%
North Korea
72%

Score Distribution

Percentile by Number Answered

Percent of People with Each Score

Your Score History

You have not taken this quiz